[Event "minimini turnament"]
[Site "SchemingMind.com"]
[Date "2009.12.03"]
[Round "-"]
[White "cnbcad"]
[Black "wom_bat"]
[Result "0-1"]
[WhiteCountry "USA"]
[BlackCountry "GER"]
[WhiteElo "1661"]
[WhiteRD "61"]
[BlackElo "1615"]
[BlackRD "90"]
[GameID "229243"]

1. e4 e5 2. Nf3 Nf6 3. d4 exd4 4. Nxd4 Nxe4 5. Qe2 Qe7 6. Be3 d5 7. Qb5+ Qd7 8. Qb3 c5 9. Nf3 Nc6 10. Bb5 a6
11. Bxc6 Qxc6 12. Ne5 Qd6 13. Nf3 d4 14. Bd2 Nxd2 15. Nbxd2 Qe6+ 16. Qxe6+ Bxe6 17. O-O Bd6 18. Ng5 O-O 19. Nxe6 fxe6 20. Nc4 Bc7
21. g3 Rae8 22. Rad1 e5 23. c3 b5 24. Nd2 e4 25. cxd4 cxd4 26. Rfe1 e3 27. fxe3 dxe3 28. Nb3 Rf2 29. Rxe3 Rxe3 30. Kxf2 Bb6
31. Kg2 Re2+ 32. Kh3 Rxb2 33. Rd6 Bg1 34. Rxa6 Rxh2+ 35. Kg4 h5+ 36. Kg5 Bf2 37. Kg6 Kf8 38. Nd2 Bxg3 39. Ne4 h4 40. Ra8+ Ke7
41. Nxg3 hxg3 42. Rc8 Rxa2 43. Rc1 b4 44. Rc7+ Kd6 45. Rb7 g2
0-1

[Event "minimini turnament"]
[Site "SchemingMind.com"]
[Date "2009.12.03"]
[Round "-"]
[White "cnbcad"]
[Black "XTC"]
[Result "0-1"]
[WhiteCountry "USA"]
[BlackCountry "COL"]
[WhiteElo "1487"]
[WhiteRD "62"]
[BlackElo "1818"]
[BlackRD "48"]
[GameID "229244"]

1. e4 e5 2. Nf3 Nc6 3. Bb5 a6 4. Bxc6 dxc6 5. O-O f6 6. d4 Bg4 7. Qd3 Bxf3 8. Qxf3 exd4 9. Bf4 Bd6 10. e5 fxe5
11. Re1 Qf6 12. Qg4 Kf8 13. Bg5 Qg6 14. f4 exf4 15. Nd2 h6 16. Re6 Qxg5 17. Qf3 Nf6 18. Rf1 Kf7 19. Qb3 Qd5 20. Qxd5 Nxd5
21. Re4 c5 22. Nc4 g5 23. Rfe1 Rhe8 24. Nxd6+ cxd6 25. Kf2 Rxe4 26. Rxe4 Nb4
0-1

[Event "minimini turnament"]
[Site "SchemingMind.com"]
[Date "2009.12.03"]
[Round "-"]
[White "cnbcad"]
[Black "keen"]
[Result "1-0"]
[WhiteCountry "USA"]
[BlackCountry "SCO"]
[WhiteElo "1487"]
[WhiteRD "62"]
[BlackElo "1655"]
[BlackRD "55"]
[GameID "229245"]

1. e4 c5 2. f4 g6 3. Nf3 Bg7 4. Bc4 Nc6 5. O-O d6 6. Bb5 Bd7 7. Bxc6 Bxc6 8. d3 e6 9. c3 Ne7 10. Qe1 O-O
11. Qh4 d5 12. f5 exf5 13. Bh6 fxe4 14. Ng5 f5 15. Bxg7 Kxg7 16. Ne6+
1-0

[Event "minimini turnament"]
[Site "SchemingMind.com"]
[Date "2009.12.03"]
[Round "-"]
[White "cnbcad"]
[Black "somar96"]
[Result "1-0"]
[WhiteCountry "USA"]
[BlackCountry "POL"]
[WhiteElo "1604"]
[WhiteRD "61"]
[BlackElo "1896"]
[BlackRD "57"]
[GameID "229247"]

1. e4 d5 2. exd5 Qxd5 3. Nc3 Qd6 4. d4 Nf6 5. Bd3 a6 6. Nge2 b5 7. Bf4 Qb6 8. Qd2 Bb7 9. Be5 Nbd7 10. f3 e6
11. O-O-O Be7 12. Ne4 O-O 13. Nxf6+ Nxf6 14. Bxf6 Bxf6 15. g4 Bxf3 16. Rhg1 Bxe2 17. Qxe2 Bxd4 18. Rh1 Be3+ 19. Kb1 Rad8 20. h4 Rd6
21. g5 Rfd8 22. Qh5 g6 23. Qf3 h5 24. gxh6 Bxh6 25. h5 Qe3 26. Qf1 g5 27. Rg1 Kg7 28. Qg2 c5 29. Rde1 Qf4 30. Ref1 Qd4
31. a3 c4 32. Qf3 R8d7 33. Bg6 Qd5 34. Qf6+ Kg8 35. Bxf7+ Rxf7 36. Qxf7+ Kh8 37. Qe8+ Kh7 38. Qg6+ Kh8 39. Qxh6+ Kg8 40. Rf8#
1-0

[Event "minimini turnament"]
[Site "SchemingMind.com"]
[Date "2009.12.03"]
[Round "-"]
[White "capablanca"]
[Black "cnbcad"]
[Result "0-1"]
[WhiteCountry "GER"]
[BlackCountry "USA"]
[WhiteElo "1616"]
[WhiteRD "52"]
[BlackElo "1432"]
[BlackRD "59"]
[GameID "229248"]

1. e4 c5 2. Nf3 g6 3. d4 cxd4 4. Nxd4 Nc6 5. Nc3 Bg7 6. Be3 Nf6 7. f3 O-O 8. Bc4 Qb6 9. Nf5 Qxb2 10. Rb1 Qxc3+
0-1

[Event "minimini turnament"]
[Site "SchemingMind.com"]
[Date "2009.12.03"]
[Round "-"]
[White "wom_bat"]
[Black "cnbcad"]
[Result "1-0"]
[WhiteCountry "GER"]
[BlackCountry "USA"]
[WhiteElo "1615"]
[WhiteRD "90"]
[BlackElo "1661"]
[BlackRD "61"]
[GameID "229249"]

1. e4 e5 2. Nf3 Nc6 3. Nc3 Bc5 4. Be2 d6 5. O-O Bg4 6. d3 Bxf3 7. Bxf3 Nd4 8. Be3 Qf6 9. Nd5 Nxf3+ 10. Qxf3 Qxf3
11. gxf3 O-O-O 12. b4 Bxe3 13. fxe3 Nf6 14. c4 Nd7 15. f4 f5 16. Ne7+ Kb8 17. exf5 Rde8 18. Nd5 c6 19. Nc3 exf4 20. Ne4 fxe3
21. Nxd6 e2 22. Rfe1 Re3 23. Kf2 Rxd3 24. c5 Rh3 25. Kg2 Re3 26. a3 Nf6 27. Kf2 Ng4+ 28. Kg2 h5 29. Ra2 Nf6 30. Rexe2 Rd3
31. Re7 g5 32. fxg6 Rg8 33. Rf7 Rxg6+ 34. Kf2 b6 35. Re2 Ng4+ 36. Ke1 Ne3 37. Ref2 Rg8 38. Rf8+ Rxf8 39. Rxf8+ Kc7 40. Rf7+ Kd8
41. Rxa7 bxc5 42. bxc5 Nc2+ 43. Ke2 Rc3 44. Kd2 Rxa3 45. Rh7 Nd4 46. Rxh5 Ra5 47. Nb7+
1-0

[Event "minimini turnament"]
[Site "SchemingMind.com"]
[Date "2009.12.03"]
[Round "-"]
[White "XTC"]
[Black "cnbcad"]
[Result "1-0"]
[WhiteCountry "COL"]
[BlackCountry "USA"]
[WhiteElo "1818"]
[WhiteRD "48"]
[BlackElo "1487"]
[BlackRD "62"]
[GameID "229250"]

1. Nf3 c5 2. e4 g6 3. d4 cxd4 4. Nxd4 Bg7 5. Nc3 Nf6 6. e5 Ng8 7. Bf4 e6 8. Ndb5 Ne7 9. Qd6 Na6 10. Bd3 O-O
11. Bg5 Re8 12. Be4 Bf8 13. Qd2 Qb6 14. Be3 Nc5 15. Nd6 Nxe4 16. Ncxe4 Qxb2 17. O-O Rd8 18. Nf6+ Kh8 19. Bh6
1-0

[Event "minimini turnament"]
[Site "SchemingMind.com"]
[Date "2009.12.03"]
[Round "-"]
[White "keen"]
[Black "cnbcad"]
[Result "0-1"]
[WhiteCountry "SCO"]
[BlackCountry "USA"]
[WhiteElo "1621"]
[WhiteRD "56"]
[BlackElo "1604"]
[BlackRD "61"]
[GameID "229251"]

1. d4 d5 2. e3 Nf6 3. Bd3 e6 4. Nd2 Bd6 5. f4 Nbd7 6. Ngf3 O-O 7. Ne5 Ne4 8. Nxe4 dxe4 9. Bxe4 c6 10. O-O Nf6
11. g4 Nxe4 12. Qf3 Nf6 13. g5 Nd5 14. h4 f6 15. Ng4 f5 16. Ne5 Bxe5 17. fxe5 Qe8 18. Bd2 Qg6 19. e4 Ne7 20. h5 Qe8
21. exf5 Nxf5 22. Qg4 Qd8 23. Rf4 b6 24. c3 c5 25. Raf1 Ba6 26. R1f2 Bb7 27. g6 h6 28. a3 Qd5 29. R2f3 Qa2 30. Rxf5 Qb1+
31. Rf1 exf5 32. Qh3 Qe4 33. Rf4 Qb1+ 34. Rf1 Qc2 35. Rf2 Qd1+ 36. Qf1 Qxf1+
0-1

[Event "minimini turnament"]
[Site "SchemingMind.com"]
[Date "2009.12.03"]
[Round "-"]
[White "MOIMOI"]
[Black "cnbcad"]
[Result "1-0"]
[WhiteCountry "POL"]
[BlackCountry "USA"]
[WhiteElo "1597"]
[WhiteRD "54"]
[BlackElo "1604"]
[BlackRD "61"]
[GameID "229252"]

1. Nf3 c5 2. b3 d5 3. c3 Nc6 4. g3 Nf6 5. d4 cxd4 6. cxd4 Bg4 7. Bg2 Qd7 8. Nc3 e6 9. a3 Be7 10. h3 Bf5
11. O-O O-O-O 12. Ne5 Nxe5 13. dxe5 Ne4 14. Nxe4 Bxe4 15. Bxe4 dxe4 16. Qc2+ Kb8 17. Qxe4 g5 18. Be3 f5 19. exf6 Bxf6 20. Rad1 Qf7
21. Qa4 b6 22. Rc1 h5 23. Rc6 Qb7 24. Rxe6 Be7 25. Bd4 Rhf8 26. Rc1 h4 27. Be5+ Ka8 28. b4 hxg3 29. Bxg3 Rc8 30. Rcc6 g4
31. h4 Rfe8 32. b5 Red8 33. Qe4 Rb8 34. Rxe7 Rd7 35. Rxd7 Qxd7 36. Rc7+
1-0

[Event "minimini turnament"]
[Site "SchemingMind.com"]
[Date "2009.12.03"]
[Round "-"]
[White "somar96"]
[Black "cnbcad"]
[Result "1-0"]
[WhiteCountry "POL"]
[BlackCountry "USA"]
[WhiteElo "1914"]
[WhiteRD "62"]
[BlackElo "1432"]
[BlackRD "59"]
[GameID "229253"]

1. e4 e5 2. Nf3 Nc6 3. d4 d5 4. exd5 Qxd5 5. Nc3 Qd8 6. d5 Nd4 7. Nxd4 exd4 8. Qxd4 Qf6 9. Bb5+ c6 10. dxc6 Qe7+
11. Be3 b6 12. c7+ Bd7 13. O-O-O Bxb5 14. Nxb5 Qb4 15. Qd7#
1-0